000 00368 a2200109 4500
001 ART_45081
005 20260410162038.0
008 260409a
245 1 0 _aIntersecciones: política social e inserción laboral
100 1 _aComas, Guillermina
773 0 _tRevista de estudios regionales y mercado de trabajo
_g- Nº 5 (ene./dic. 2009)
_wREV44894
999 _c34651
_d34651